Statistiche per Campioni del mondo di Formula 1

Clicka qui per fare il quiz!

Statistiche generali

  • Questo quiz è stato fatto 105 volte
    (48 dall'ultimo reset)
  • Il punteggio medio è 50 su 70

Statistiche sulle risposte

Costruttore (Team) Anno Pilota campione % Corretto
Ferrari1975Niki Lauda
96%
Red Bull2010Sebastian Vettel
93%
McLaren2008Lewis Hamilton
93%
Mercedes2016Nico Rosberg
89%
Renault2005Fernando Alonso
89%
Williams1982Keke Rosberg
89%
Benetton1994Michael Schumacher
89%
Ferrari2007Kimi Raikkonen
89%
McLaren1998Mika Hakkinen
85%
McLaren1988Ayrton Senna
85%
McLaren1985Alain Prost
81%
Williams1997Jaques Villeneuve
78%
McLaren1976James Hunt
74%
BRM1962Graham Hill
70%
Williams1996Damon Hill
70%
Ferrari1961Phil Hill
70%
Brabham1981Nelson Piquet
70%
Alfa Romeo1951Juan Manuel Fangio
67%
Williams1992Nigel Mansell
59%
Brawn2009Jenson Button
59%
Ferrari1952Alberto Ascari
59%
Lotus1978Mario Andretti
56%
Alfa Romeo1950Giuseppe Farina
52%
Cooper1959Jack Brabham
52%
Ferrari1979Jody Scheckter
52%
Lotus1972Emerson Fittipaldi
44%
Matra1969Jackie Stewart
44%
Lotus1963Jim Clark
37%
Ferrari1964John Surtees
33%
Williams1980Alan Jones
30%
Lotus1970Jochen Rindt
30%
Brabham1967Denny Hulme
26%
Ferrari1958Mike Hawthorn
26%

Distribuzione punteggi

Percentile per numero di risposta

Percentuale di utenti per punteggio

I tuoi punteggi nel tempo

Non hai fatto questo quiz dall'ultimo reset